A sportturizmus fejlődése, és a nemzetközi sportesemények jelentősége és hatásai Rómában

Bibliográfiai részletek
Szerző: Somlói Petra
További közreműködők: Petykó Csilla
Dokumentumtípus: Diplomadolgozat
Kulcsszavak:nemzetközi sportesemények
Róma
sport
turisztikai hatások
turizmus
Online Access:http://dolgozattar.uni-bge.hu/60293

MARC

LEADER 00000nta a2200000 i 4500
001 dolg60293
005 20260409150248.0
008 260409suuuu hu om 000 hun d
040 |a BGE Dolgozattár Repozitórium  |b hun 
041 |a hu 
100 1 |a Somlói Petra 
245 1 2 |a A sportturizmus fejlődése, és a nemzetközi sportesemények jelentősége és hatásai Rómában  |c Somlói Petra  |h [elektronikus dokumentum] 
520 3 |a Szakdolgozatom célja megvizsgálni a sportturizmus fejlődését és jelentőségét Rómában, elemezni a nemzetközi szintű sportrendezvények fejlődését, és kutatást végezni, mennyire fontos szerepet tölt be az emberek számára a sportturizmus. Róma elég sokszínű és széleskörű kulturális értékkel rendelkezik, ami nagyon vonzó a turisták számára, és nem utolsó sorban az UNESCO világörökség része.A kulturális értékek mellett a sportturizmusnak is jelentős szerepe van, amely egészen az ókori Rómáig nyúl vissza. Érdemes lehet megfigyelni, hogyan változott a sport fogalma és a sport fontossága az idő folyamán, illetve, hogyan és miként változott a sportrendezvényeken való részvételi arány. 
695 |a nemzetközi sportesemények 
695 |a Róma 
695 |a sport 
695 |a turisztikai hatások 
695 |a turizmus 
700 1 |a Petykó Csilla  |e ths 
856 4 0 |u http://dolgozattar.uni-bge.hu/60293/1/Szakdolgozat-Soml%C3%B3i-Petra_.pdf  |z Dokumentum-elérés 
856 4 0 |u http://dolgozattar.uni-bge.hu/60293/2/Soml%C3%B3i%20Petra_opponens_%C5%90ry%20Kinga.pdf  |z Dokumentum-elérés 
856 4 0 |u http://dolgozattar.uni-bge.hu/60293/3/Soml%C3%B3i%20Petra_konzulens_Petyk%C3%B3%20Csilla.pdf  |z Dokumentum-elérés